LIBRARY & INFORMATION CENTRE, KCAET, TAVANUR

ONLINE PUBLIC ACCESS CATALOGUE (OPAC)

Soonyaprapancha sancharikal / (Record no. 6359)

MARC details
000 -LEADER
fixed length control field 00400cam a2200169ua 4500
041 ## - LANGUAGE CODE
Language code of text/sound track or separate title mal
082 ## - DEWEY DECIMAL CLASSIFICATION NUMBER
Classification number 894.812 308
Item number KOR/SO
100 ## - MAIN ENTRY--AUTHOR NAME
Personal name Koruthu, P C .
245 ## - TITLE STATEMENT
Title Soonyaprapancha sancharikal /
260 ## - PUBLICATION, DISTRIBUTION, ETC. (IMPRINT)
Place of publication :
Name of publisher P C Koruthu ,
Year of publication 1961.
300 ## - PHYSICAL DESCRIPTION
Number of Pages 82 ; .
942 ## - ADDED ENTRY ELEMENTS (KOHA)
Koha item type Books
Holdings
Withdrawn status Lost status Damaged status Home library Current library Date acquired Full call number Accession Number Koha item type
Withdrawn     KAUAET KAUAET 07/04/2012 894.812 308 358 Books
free website counter